[Event "Arco op 45th"]
[Site "Arco"]
[Date "2023.10.15"]
[Round "9"]
[White "Undheim, Bjarne"]
[Black "Gheser, Amir"]
[Result "0-1"]
[WhiteElo "1885"]
[BlackElo "1702"]
[PlyCount "58"]
[EventDate "2023.10.07"]
[EventType "swiss"]
[EventRounds "9"]
[EventCountry "ITA"]
[SourceTitle "Mega2024 Update 01"]
[Source "Chessbase"]
[SourceDate "2023.11.12"]
[SourceVersion "1"]
[SourceVersionDate "2023.11.12"]
[SourceQuality "1"]

1. e4 c5 2. Nf3 Nc6 3. Bb5 e5 4. 0-0 Bd6 5. c3 a6 6. Ba4 Nge7 7. d4 cxd4 8. cxd4 exd4 9. Nxd4 0-0 10. Nc3 b5 11. Bc2 Qc7 12. Nf3 Bb7 13. Bg5 Rfe8 14. Qd2 Ne5 15. Nxe5 Bxe5 16. f4 Bxc3 17. bxc3 Rac8 18. Rf3 f6 19. Bh4 d5 20. Bb3 Kh8 21. e5 Nf5 22. Be1 d4 23. Rh3 fxe5 24. cxd4 exd4 25. Qd1 Qc6 26. Qg4 Nh6 27. Qg5 Re3 28. Rh4 Re2 29. Bf2 Qc1+ 0-1

[Event "Arco op 45th"]
[Site "Arco"]
[Date "2023.10.10"]
[Round "4"]
[White "Fuochi, Tommaso"]
[Black "Undheim, Bjarne"]
[Result "1-0"]
[WhiteElo "2007"]
[BlackElo "1885"]
[PlyCount "81"]
[EventDate "2023.10.07"]
[EventType "swiss"]
[EventRounds "9"]
[EventCountry "ITA"]
[SourceTitle "Mega2024 Update 01"]
[Source "Chessbase"]
[SourceDate "2023.11.12"]
[SourceVersion "1"]
[SourceVersionDate "2023.11.12"]
[SourceQuality "1"]

1. d4 d5 2. Nf3 Nc6 3. g3 Bg4 4. Bg2 e6 5. 0-0 Bd6 6. c4 dxc4 7. Qa4 Nge7 8. Qxc4 0-0 9. Nbd2 Nd5 10. a3 Be7 11. e3 a5 12. Nb3 Nb6 13. Qc2 Bf5 14. Qe2 Bg6 15. Rd1 Qc8 16. Nbd2 Rd8 17. b3 Bf6 18. Bb2 Re8 19. Nc4 Ra6 20. Nce5 Bxe5 21. Nxe5 Nxe5 22. dxe5 Nd7 23. Qb5 c6 24. Qc4 Nb6 25. Qc1 Ra8 26. Bd4 Qc7 27. f4 Red8 28. Qb2 Nd5 29. e4 Ne7 30. Qf2 Nc8 31. g4 h6 32. Bc5 b6 33. Rxd8+ Qxd8 34. Be3 Qc7 35. Rd1 c5 36. f5 Bh7 37. f6 g5 38. h4 Na7 39. hxg5 Qxe5 40. Qh4 Qc3 41. Qxh6 1-0

[Event "Helsingor Xtracon op"]
[Site "Helsingor"]
[Date "2018.07.28"]
[Round "9"]
[White "Undheim, Bjarne"]
[Black "Pallesen, Jacob"]
[Result "0-1"]
[WhiteElo "1878"]
[BlackElo "2058"]
[PlyCount "54"]
[EventDate "2018.07.21"]
[EventType "swiss"]
[EventRounds "10"]
[EventCountry "DEN"]
[SourceTitle "CBM 185 Extra"]
[Source "ChessBase"]
[SourceDate "2018.07.29"]
[SourceVersion "1"]
[SourceVersionDate "2018.07.29"]
[SourceQuality "1"]

1. e4 c5 2. Nf3 e6 3. g3 Nc6 4. Bg2 g6 5. d3 Bg7 6. Nc3 d6 7. 0-0 Nge7 8. h3 Rb8 9. Ne2 0-0 10. Rb1 b5 11. Bd2 b4 12. c3 Ba6 13. Qc2 c4 14. Nc1 d5 15. exd5 Nxd5 16. d4 Qa5 17. Re1 bxc3 18. bxc3 Rxb1 19. Qxb1 Rb8 20. Qe4 Qa3 21. Ng5 Nd8 22. Qh4 Nxc3 23. Nxh7 Bb5 24. Re3 Qb2 25. Rxc3 Qxd2 26. Rf3 Qxc1+ 27. Kh2 Bc6 0-1

[Event "Helsingor Xtracon op"]
[Site "Helsingor"]
[Date "2017.07.24"]
[Round "4"]
[White "Undheim, Bjarne"]
[Black "Kvamme, John Agnar"]
[Result "1/2-1/2"]
[WhiteElo "1882"]
[BlackElo "2116"]
[PlyCount "88"]
[EventDate "2017.07.22"]
[EventType "swiss"]
[EventRounds "10"]
[EventCountry "DEN"]
[SourceTitle "CBM 179 Extra"]
[Source "ChessBase"]
[SourceDate "2017.08.23"]
[SourceVersion "1"]
[SourceVersionDate "2017.08.23"]
[SourceQuality "1"]

1. e4 c5 2. Nf3 g6 3. Nc3 Bg7 4. g3 Nc6 5. Bg2 d6 6. h3 Nf6 7. 0-0 0-0 8. d3 Rb8 9. Be3 b5 10. e5 dxe5 11. Bxc5 b4 12. Ne4 Nxe4 13. dxe4 Qa5 14. Be3 Ba6 15. Re1 Rfd8 16. Qc1 Nd4 17. Nxd4 exd4 18. Bd2 Qb6 19. a3 b3 20. c3 Rbc8 21. e5 Rc5 22. Qb1 Rxe5 23. cxd4 Qxd4 24. Bc3 Rxe1+ 25. Qxe1 Qd6 26. Bxg7 Kxg7 27. Qc3+ Qf6 28. Qxb3 Rd2 29. Qe3 Qxb2 30. Re1 Rd7 31. Qc5 e6 32. Re4 Bb7 33. Rb4 Qa1+ 34. Kh2 Bxg2 35. Kxg2 Rd1 36. Rb8 Rg1+ 37. Kh2 Rh1+ 38. Kg2 Rg1+ 39. Kh2 Rh1+ 40. Kg2 Qf1+ 41. Kf3 Qd3+ 42. Kg2 Qf1+ 43. Kf3 Qd3+ 44. Kg2 Qf1+ 1/2-1/2

[Event "Helsingor Xtracon op"]
[Site "Helsingor"]
[Date "2016.07.31"]
[Round "10"]
[White "Undheim, Bjarne"]
[Black "Kristensen, Lars Ostergaard"]
[Result "0-1"]
[WhiteElo "1910"]
[BlackElo "1710"]
[PlyCount "62"]
[EventDate "2016.07.23"]
[EventType "swiss"]
[EventRounds "10"]
[EventCountry "DEN"]
[SourceTitle "CBM 173 Extra"]
[Source "ChessBase"]
[SourceDate "2016.08.29"]
[SourceVersion "1"]
[SourceVersionDate "2016.08.29"]
[SourceQuality "1"]

1. e4 c6 2. d4 d5 3. exd5 cxd5 4. Bd3 Nc6 5. c3 Qc7 6. Ne2 Bg4 7. f3 Bd7 8. Bf4 e5 9. dxe5 Nxe5 10. Bxe5 Qxe5 11. 0-0 Bc5+ 12. Kh1 Ne7 13. Nd2 0-0 14. Qc2 Bf5 15. Nb3 Bb6 16. Ned4 Bxd3 17. Qxd3 Qh5 18. f4 Rad8 19. Rf3 Ng6 20. Ne2 Rfe8 21. Nbd4 Bc7 22. Raf1 Qg4 23. g3 Re4 24. c4 Qd7 25. Nc3 Bb6 26. Nce2 Rde8 27. cxd5 Qxd5 28. Rd1 Bxd4 29. Nxd4 Rxd4 30. Qxd4 Qxf3+ 31. Kg1 Re2 0-1

[Event "Helsingor Xtracon op"]
[Site "Helsingor"]
[Date "2016.07.27"]
[Round "6"]
[White "Undheim, Bjarne"]
[Black "Shehzad, Shazil Khan"]
[Result "1/2-1/2"]
[WhiteElo "1910"]
[BlackElo "1711"]
[PlyCount "84"]
[EventDate "2016.07.23"]
[EventType "swiss"]
[EventRounds "10"]
[EventCountry "DEN"]
[SourceTitle "CBM 173 Extra"]
[Source "ChessBase"]
[SourceDate "2016.08.29"]
[SourceVersion "1"]
[SourceVersionDate "2016.08.29"]
[SourceQuality "1"]

1. e4 c5 2. Nf3 d6 3. Bb5+ Bd7 4. Bxd7+ Qxd7 5. 0-0 Nf6 6. Re1 Nc6 7. d4 cxd4 8. Nxd4 g6 9. c3 Bg7 10. Nd2 0-0 11. N2f3 Rac8 12. Bg5 a6 13. Qd2 Na5 14. b3 b5 15. e5 dxe5 16. Nxe5 Qc7 17. Rac1 e6 18. Bf4 Qd6 19. Be3 Qc7 20. Bf4 Qb6 21. Be3 Qd8 22. Bg5 Nb7 23. Ng4 h5 24. Ne5 Qd6 25. Bf4 Nd5 26. Nxg6 Nxf4 27. Nxf4 e5 28. Nxh5 exd4 29. Re4 Qg6 30. Rh4 Qh6 31. Qe1 Rc6 32. g3 f5 33. Nf4 Qg5 34. cxd4 Rh6 35. Rxh6 Qxh6 36. d5 Qd6 37. Rc6 Qd7 38. Ne6 Rc8 39. Qc1 Re8 40. Rc7 Qxd5 41. Rxg7+ Kh8 42. Rxb7 Qxb7 1/2-1/2

[Event "Helsingor Xtracon op"]
[Site "Helsingor"]
[Date "2016.07.24"]
[Round "3"]
[White "Royset, Pal"]
[Black "Undheim, Bjarne"]
[Result "1-0"]
[WhiteElo "2144"]
[BlackElo "1910"]
[PlyCount "74"]
[EventDate "2016.07.23"]
[EventType "swiss"]
[EventRounds "10"]
[EventCountry "DEN"]
[SourceTitle "CBM 173 Extra"]
[Source "ChessBase"]
[SourceDate "2016.08.29"]
[SourceVersion "1"]
[SourceVersionDate "2016.08.29"]
[SourceQuality "1"]

1. d4 d5 2. Bg5 Nc6 3. e3 Nf6 4. Bxf6 exf6 5. c4 Be6 6. Nc3 Bb4 7. e4 Qe7 8. a3 Bxc3+ 9. bxc3 Nd8 10. cxd5 Bxd5 11. f3 0-0 12. Kf2 Be6 13. Bd3 Bd7 14. Ne2 Ne6 15. Qd2 Rfd8 16. Qe3 Be8 17. Ng3 g6 18. h4 h5 19. Nxh5 gxh5 20. Rh3 Ng7 21. Rg3 Bd7 22. Qh6 Qf8 23. e5 f5 24. f4 b5 25. Re1 Rab8 26. Ree3 Rb6 27. Qxh5 Rg6 28. Rxg6 fxg6 29. Qxg6 Qf7 30. Qg5 Re8 31. Rg3 Qe7 32. Qxe7 Rxe7 33. d5 Kh7 34. Rg5 Be8 35. g4 Kh6 36. gxf5 Nh5 37. f6 Rh7 1-0

[Event "Helsingor Xtracon op"]
[Site "Helsingor"]
[Date "2016.07.23"]
[Round "1"]
[White "Andersen, Mads"]
[Black "Undheim, Bjarne"]
[Result "1-0"]
[WhiteElo "2525"]
[BlackElo "1910"]
[PlyCount "101"]
[EventDate "2016.07.23"]
[EventType "swiss"]
[EventRounds "10"]
[EventCountry "DEN"]
[SourceTitle "CBM 173 Extra"]
[Source "ChessBase"]
[SourceDate "2016.08.29"]
[SourceVersion "1"]
[SourceVersionDate "2016.08.29"]
[SourceQuality "1"]

1. d4 d5 2. c4 c6 3. Nf3 Nf6 4. Nbd2 g6 5. e3 Bg7 6. b4 0-0 7. Bb2 Nbd7 8. Be2 b6 9. cxd5 cxd5 10. 0-0 Bb7 11. Qb3 Rc8 12. b5 Re8 13. a4 Qc7 14. a5 Qb8 15. a6 Ba8 16. Rac1 h6 17. Rxc8 Rxc8 18. Rc1 Rxc1+ 19. Bxc1 Qc7 20. Ba3 Bf8 21. Ne1 e6 22. Qc2 Qxc2 23. Nxc2 Bxa3 24. Nxa3 Kf8 25. f3 Ke7 26. Kf2 Kd6 27. Nc2 Ne8 28. Bd3 f5 29. g4 Nef6 30. h3 Nf8 31. Ne1 Ke7 32. Ng2 Kd6 33. Nb3 N6d7 34. Nc1 Ke7 35. Na2 Kd6 36. Nb4 Nf6 37. Kg3 Kd7 38. Be2 Kd6 39. Nd3 Ke7 40. Ne5 N6d7 41. Nxd7 Nxd7 42. Nf4 Kf6 43. Nd3 Ke7 44. Bf1 Kd6 45. Kh4 Ke7 46. g5 hxg5+ 47. Kxg5 Kf7 48. Kh6 Nf8 49. Ne5+ Kf6 50. f4 Ke7 51. Nxg6+ 1-0

[Event "Politiken Cup 37th"]
[Site "Helsingor"]
[Date "2015.07.25"]
[Round "1"]
[White "Undheim, Bjarne"]
[Black "Semcesen, Daniel"]
[Result "1/2-1/2"]
[WhiteElo "1899"]
[BlackElo "2437"]
[PlyCount "69"]
[EventDate "2015.07.25"]
[EventType "swiss"]
[EventRounds "10"]
[EventCountry "DEN"]
[SourceTitle "CBM 167 Extra"]
[Source "ChessBase"]
[SourceDate "2015.09.14"]
[SourceVersion "1"]
[SourceVersionDate "2015.09.14"]
[SourceQuality "1"]

1. e4 e5 2. Nf3 Nc6 3. d4 exd4 4. Bc4 g6 5. Bg5 Be7 6. Bxe7 Qxe7 7. 0-0 Qc5 8. Qe2 Nge7 9. Nbd2 d6 10. Nb3 Qb6 11. Qd2 Ne5 12. Nxe5 dxe5 13. Qh6 Be6 14. Bxe6 Qxe6 15. f4 0-0-0 16. fxe5 Nc6 17. Rf6 Qe7 18. Raf1 Nxe5 19. Qd2 Kb8 20. Qa5 b6 21. Qb5 Rd6 22. Rxd6 Qxd6 23. Na5 c5 24. Nc4 Nxc4 25. Qxc4 f5 26. exf5 gxf5 27. Rxf5 Re8 28. Qf1 Re7 29. Rf8+ Kb7 30. Qf3+ Ka6 31. Qa3+ Kb7 32. Qf3+ Ka6 33. Qa3+ Kb7 34. Qf3+ Ka6 35. Qa3+ 1/2-1/2

[Event "Reykjavik op"]
[Site "Reykjavik"]
[Date "2015.03.10"]
[Round "1"]
[White "Undheim, Bjarne"]
[Black "Georgiadis, Nico"]
[Result "0-1"]
[WhiteElo "1926"]
[BlackElo "2468"]
[PlyCount "82"]
[EventDate "2015.03.10"]
[EventType "swiss"]
[EventRounds "10"]
[EventCountry "ISL"]
[SourceTitle "CBM 165 Extra"]
[Source "ChessBase"]
[SourceDate "2015.04.21"]
[SourceVersion "1"]
[SourceVersionDate "2015.04.21"]
[SourceQuality "1"]

1. e4 c5 2. Nf3 g6 3. c3 d5 4. exd5 Qxd5 5. Be2 Bg7 6. 0-0 Nf6 7. c4 Qd8 8. d4 cxd4 9. Nxd4 0-0 10. Be3 Bd7 11. Nc3 Nc6 12. Qd2 Nxd4 13. Bxd4 Bc6 14. Rad1 Qc7 15. Qe3 b6 16. f3 Rfe8 17. Be5 Ng4 18. fxg4 Qxe5 19. Qf2 Rf8 20. Rfe1 Qc7 21. Bf3 e6 22. Nb5 Bxb5 23. Bxa8 Qxc4 24. Qf3 Bxb2 25. a3 Bxa3 26. Qxa3 Rxa8 27. Qf3 Bc6 28. Qg3 Bd5 29. h4 Rc8 30. h5 Qc3 31. Qh4 Qb2 32. Qg3 gxh5 33. gxh5+ Kh8 34. Re5 h6 35. Rexd5 exd5 36. Rxd5 Qf6 37. Rd2 Qg5 38. Qd3 Rc1+ 39. Rd1 Rxd1+ 40. Qxd1 Kg8 41. Qf3 a5 0-1

[Event "Koge Xtracon op"]
[Site "Koge"]
[Date "2014.10.17"]
[Round "8"]
[White "Pedersen, Hans Dahl"]
[Black "Undheim, Bjarne"]
[Result "1-0"]
[WhiteElo "2171"]
[BlackElo "1912"]
[PlyCount "43"]
[EventDate "2014.10.11"]
[EventType "swiss"]
[EventRounds "9"]
[EventCountry "DEN"]
[SourceTitle "EXT 2015"]
[Source "ChessBase"]
[SourceDate "2014.11.20"]
[SourceVersion "1"]
[SourceVersionDate "2014.11.20"]
[SourceQuality "1"]

1. c4 Nc6 2. g3 e5 3. Bg2 Nf6 4. Nc3 Bc5 5. e3 d6 6. Nge2 Be6 7. d4 exd4 8. exd4 Nxd4 9. Nxd4 Bxc4 10. Qa4+ b5 11. Ncxb5 Bxb5 12. Qxb5+ Kf8 13. Bxa8 Qxa8 14. Qc6 Qb8 15. Nc2 Ng4 16. 0-0 h5 17. b4 Bb6 18. Bb2 h4 19. Qf3 Qc8 20. Ne3 Nh6 21. g4 d5 22. h3 1-0

[Event "Politiken Cup 36th"]
[Site "Helsingor"]
[Date "2014.07.29"]
[Round "10"]
[White "Green, Per"]
[Black "Undheim, Bjarne"]
[Result "0-1"]
[WhiteElo "1984"]
[BlackElo "1870"]
[PlyCount "114"]
[EventDate "2014.07.21"]
[EventType "swiss"]
[EventRounds "10"]
[EventCountry "DEN"]
[SourceTitle "CBM 161 Extra"]
[Source "ChessBase"]
[SourceDate "2014.08.29"]
[SourceVersion "1"]
[SourceVersionDate "2014.08.29"]
[SourceQuality "1"]

1. c4 Nc6 2. g3 Nf6 3. Bg2 d5 4. cxd5 Nxd5 5. Nc3 Nxc3 6. bxc3 e5 7. Rb1 Bc5 8. Rb5 Qd6 9. d3 0-0 10. Nf3 a6 11. Rb1 Rb8 12. 0-0 Bf5 13. Ng5 Ba7 14. Qa4 Qg6 15. Ne4 Bd7 16. Ba3 Rfd8 17. Nc5 Bxc5 18. Bxc5 Qh5 19. Bf3 Qf5 20. Qa3 Be6 21. Rfe1 Qg6 22. Rbd1 f5 23. Bg2 Bd5 24. Bxd5+ Rxd5 25. Qb3 Qf7 26. Ba3 Rd7 27. Bb2 Na5 28. Qa4 Nc6 29. d4 e4 30. e3 Rd6 31. Qb3 Na5 32. Qxf7+ Kxf7 33. Ba3 Rd7 34. Rb1 Nc4 35. Bc1 Ke6 36. Kg2 Kd5 37. f3 Re7 38. Rf1 g5 39. Rb4 b5 40. Rb3 h5 41. h3 Rf8 42. Re1 Ref7 43. Ba3 Re8 44. Bc1 exf3+ 45. Kxf3 Re4 46. Rb1 Rfe7 47. a4 c6 48. Ra1 R7e6 49. Ra2 f4 50. gxf4 gxf4 51. Rg1 fxe3 52. Rg5+ Kd6 53. axb5 e2 54. Rg1 e1Q 55. Rxe1 Rxe1 56. Bf4+ Kd7 57. b6 Rf1+ 0-1

[Event "Politiken Cup 35th"]
[Site "Helsingor"]
[Date "2013.07.28"]
[Round "3"]
[White "Bruun, Henrik Emil"]
[Black "Undheim, Bjarne"]
[Result "1-0"]
[WhiteElo "2078"]
[BlackElo "1838"]
[PlyCount "107"]
[EventDate "2013.07.27"]
[EventType "swiss"]
[EventRounds "10"]
[EventCountry "DEN"]
[SourceTitle "CBM 155 Extra"]
[Source "ChessBase"]
[SourceDate "2013.08.26"]
[SourceVersion "1"]
[SourceVersionDate "2013.08.26"]
[SourceQuality "1"]

1. e4 d5 2. exd5 Nf6 3. d4 Bg4 4. Nf3 Qxd5 5. Be2 Nc6 6. c4 Qf5 7. Be3 0-0-0 8. Qb3 e6 9. 0-0 Bd6 10. Nbd2 Qh5 11. g3 Bb4 12. d5 exd5 13. cxd5 Nxd5 14. Rac1 Nxe3 15. Rxc6 Nxf1 16. Nxf1 bxc6 17. Ba6+ Kd7 18. Nd4 Qc5 19. Qxf7+ Qe7 20. Qc4 Bf3 21. Nxf3 Rdf8 22. Bb7 Bc5 23. Qg4+ Kd6 24. N1d2 Rxf3 25. Nxf3 Qf6 26. Qe4 Bxf2+ 27. Kxf2 Qxb2+ 28. Qe2 Qxb7 29. Qe5+ Kd7 30. Qxg7+ Kd6 31. Qe5+ Kd7 32. Qg7+ Kd6 33. Qf6+ Kd5 34. Qd4+ Ke6 35. Qe5+ Kd7 36. Qxh8 Qb6+ 37. Qd4+ Kc8 38. Qxb6 cxb6 39. Ke3 Kd7 40. Ng5 h6 41. Nf7 h5 42. Ne5+ Kd6 43. Ng6 c5 44. h4 Ke6 45. Nf4+ Kf5 46. Kf3 b5 47. Nxh5 b4 48. g4+ Ke5 49. Ke3 c4 50. Nf4 a5 51. h5 Kf6 52. Kd4 c3 53. Nd5+ Kg5 54. Nxc3 1-0